[Event "Titled Tuesday intern op 13th Feb Late"]
[Site "Chess.com INT"]
[Date "2024.02.13"]
[Round "1"]
[White "Zwirs, Nico"]
[Black "Collins, Adam"]
[Result "0-1"]
[WhiteElo "2474"]
[BlackElo "2189"]
[PlyCount "88"]
[EventDate "2024.02.13"]
[EventType "swiss (blitz)"]
[EventRounds "11"]
[EventCountry "USA"]
[SourceTitle "CB08_2024"]
[SourceDate "2024.02.21"]
[SourceVersion "1"]
[SourceVersionDate "2024.02.21"]
[SourceQuality "1"]

1. e4 c5 2. Nf3 d6 3. d4 cxd4 4. Nxd4 Nf6 5. Nc3 Nc6 6. Bg5 e6 7. Qd2 a6 8. 0-0-0 Bd7 9. Nxc6 Bxc6 10. f3 Be7 11. Kb1 0-0 12. h4 b5 13. Ne2 a5 14. Nd4 Qb6 15. h5 h6 16. Be3 Qb7 17. g4 d5 18. e5 Nd7 19. f4 b4 20. Rg1 a4 21. g5 hxg5 22. f5 b3 23. Bxg5 Rfb8 24. axb3 axb3 25. Bxe7 bxc2+ 26. Qxc2 Qa7 27. Kc1 Ba4 28. Rxg7+ Kxg7 29. Qg2+ Kh7 30. Bd3 Qc7+ 31. Kd2 Rxb2+ 32. Nc2 Rxc2+ 33. Ke3 Rxg2 34. fxe6+ Kh6 35. exf7 Qc5+ 36. Bxc5 Nxc5 37. Rf1 Rg3+ 38. Kd4 Rxd3+ 39. Kxc5 Rc3+ 40. Kd6 Rcc8 41. e6 Rd8+ 42. Ke5 Rf8 43. e7 Bb5 44. Rf6+ Kg7 0-1

[Event "Tata Steel Tienkamp"]
[Site "Wijk aan Zee"]
[Date "2024.01.24"]
[Round "6"]
[White "Zwirs, Nico"]
[Black "Holzke, Frank"]
[Result "1/2-1/2"]
[WhiteElo "2476"]
[BlackElo "2460"]
[PlyCount "115"]
[EventDate "2024.01.19"]
[EventType "tourn"]
[EventRounds "9"]
[EventCountry "NED"]
[EventCategory "6"]
[SourceTitle "CB05_2024"]
[SourceDate "2024.01.31"]
[SourceVersion "1"]
[SourceVersionDate "2024.01.31"]
[SourceQuality "1"]

1. e4 e5 2. Nf3 Nc6 3. Bc4 Nf6 4. d3 Be7 5. 0-0 0-0 6. Re1 d6 7. a4 Be6 8. Nc3 Bg4 9. h3 Bxf3 10. Qxf3 Nd4 11. Qd1 c6 12. Ba2 a5 13. Ne2 d5 14. Ng3 Qc7 15. c3 Ne6 16. Nf5 Rfe8 17. Qf3 Rad8 18. Qg3 Nh5 19. Qg4 Nf6 20. Qg3 Nh5 21. Qf3 Nhf4 22. exd5 cxd5 23. Nxe7+ Rxe7 24. Bd2 Qd6 25. h4 e4 26. dxe4 dxe4 27. Bxf4 exf3 28. Bxd6 Rxd6 29. gxf3 Kf8 30. Bxe6 Rexe6 31. Rxe6 Rxe6 32. Rd1 Re2 33. b4 Rc2 34. Rd8+ Ke7 35. Rb8 Rxc3 36. Rxb7+ Kf6 37. Rb6+ Ke7 38. Rb7+ Kf6 39. Rb6+ Ke7 40. bxa5 Rc4 41. h5 Rxa4 42. a6 h6 43. Kg2 Ra5 44. Rb7+ Kf6 45. a7 g6 46. hxg6 fxg6 47. Kf1 h5 48. Ke2 Ra3 49. Rh7 g5 50. Rc7 Kg6 51. Kf1 Ra1+ 52. Kg2 Kh6 53. Rb7 Kg6 54. Rb6+ Kh7 55. Rb7+ Kg6 56. Kg3 Rg1+ 57. Kh3 Rh1+ 58. Kg2 1/2-1/2

[Event "Tata Steel Tienkamp"]
[Site "Wijk aan Zee"]
[Date "2024.01.22"]
[Round "4"]
[White "De Winter, Arthur"]
[Black "Zwirs, Nico"]
[Result "0-1"]
[WhiteElo "2409"]
[BlackElo "2476"]
[PlyCount "52"]
[EventDate "2024.01.19"]
[EventType "tourn"]
[EventRounds "9"]
[EventCountry "NED"]
[EventCategory "6"]
[SourceTitle "CB05_2024"]
[SourceDate "2024.01.31"]
[SourceVersion "1"]
[SourceVersionDate "2024.01.31"]
[SourceQuality "1"]

1. e4 c5 2. Nf3 d6 3. d4 cxd4 4. Nxd4 Nf6 5. Nc3 a6 6. h4 e5 7. Nb3 Be7 8. Be2 Be6 9. f4 b5 10. g4 b4 11. Nd5 Nxe4 12. Nxe7 Qxe7 13. f5 Qa7 14. Rf1 0-0 15. Qd3 Bxb3 16. axb3 d5 17. Be3 d4 18. Qxe4 dxe3 19. 0-0-0 Nd7 20. Qxb4 Nc5 21. Qa5 Rac8 22. Kb1 Ne4 23. f6 gxf6 24. g5 Qc7 25. Qxc7 Rxc7 26. gxf6 Nd2+ 0-1

[Event "Tata Steel Tienkamp"]
[Site "Wijk aan Zee"]
[Date "2024.01.21"]
[Round "3"]
[White "Zwirs, Nico"]
[Black "Pastar, Slaven"]
[Result "1/2-1/2"]
[WhiteElo "2476"]
[BlackElo "2343"]
[PlyCount "129"]
[EventDate "2024.01.19"]
[EventType "tourn"]
[EventRounds "9"]
[EventCountry "NED"]
[EventCategory "6"]
[SourceTitle "CB05_2024"]
[SourceDate "2024.01.31"]
[SourceVersion "1"]
[SourceVersionDate "2024.01.31"]
[SourceQuality "1"]

1. e4 e5 2. Nf3 Nf6 3. d4 Nxe4 4. Bd3 Nc6 5. Nxe5 Nxe5 6. dxe5 Nc5 7. Bc4 d6 8. Qf3 Ne6 9. Be3 dxe5 10. Nc3 Bb4 11. Rd1 Qf6 12. Bb5+ Kf8 13. Qe4 Bxc3+ 14. bxc3 h5 15. 0-0 g6 16. f4 exf4 17. Bc4 Qf5 18. Rxf4 Qxe4 19. Rxe4 h4 20. Rf1 Kg8 21. Bd4 Rh6 22. Bf6 g5 23. Re5 Rg6 24. Be2 Rh6 25. Bg4 Kf8 26. Bxe6 Bxe6 27. Rxe6 fxe6 28. Bxg5+ Kg7 29. Bxh6+ Kxh6 30. Rf6+ Kg5 31. Rxe6 Rd8 32. Kf2 Rd1 33. Re7 Rd2+ 34. Kf3 Rxc2 35. Rxc7 h3 36. gxh3 Rxa2 37. Rxb7 Rc2 38. h4+ Kf5 39. Rc7 Rxh2 40. Rc4 Ke5 41. Ke3 Kd5 42. Ra4 Kc5 43. Kf3 Kb6 44. Kg3 Rh1 45. Kg4 a5 46. c4 Rg1+ 47. Kf5 Rh1 48. Kg5 Rg1+ 49. Kh6 Rb1 50. h5 Rb4 51. c5+ Kb5 52. Ra1 Rc4 53. Rb1+ Kxc5 54. Kg5 Rc2 55. Rh1 Kb4 56. h6 Rc8 57. Rb1+ Ka3 58. h7 a4 59. Rb7 Ka2 60. Kf6 a3 61. Rg7 Rh8 62. Rb7 Ka1 63. Kg7 Rxh7+ 64. Kxh7 a2 65. Kg6 1/2-1/2

[Event "Sant Boi de Llobregat op 4th"]
[Site "Sant Boi de Llobregat"]
[Date "2023.12.01"]
[Round "2"]
[White "Zwirs, Nico"]
[Black "Banos, Oscar Francisco"]
[Result "1/2-1/2"]
[WhiteElo "2468"]
[BlackElo "2188"]
[PlyCount "148"]
[EventDate "2023.11.30"]
[EventType "swiss"]
[EventRounds "9"]
[EventCountry "ESP"]
[SourceTitle "CB50_2023"]
[SourceDate "2023.12.13"]
[SourceVersion "1"]
[SourceVersionDate "2023.12.13"]
[SourceQuality "1"]

1. e4 c5 2. Nf3 Nc6 3. d4 cxd4 4. Nxd4 e5 5. Nb5 d6 6. c4 g6 7. Bd3 Nf6 8. 0-0 Bg7 9. N5c3 0-0 10. Nd5 Nxd5 11. cxd5 Nb4 12. Be2 f5 13. Nc3 f4 14. Bd2 Na6 15. a4 Nc7 16. Nb5 Ne8 17. Rc1 Rf7 18. Qb3 Bf8 19. Rc2 Bd7 20. Rfc1 a6 21. Na3 Nf6 22. f3 Qe8 23. Rc7 g5 24. Qb6 g4 25. Nc4 gxf3 26. Bxf3 Rg7 27. Nxd6 Qg6 28. Nf5 Bxf5 29. exf5 Qxf5 30. Qe6+ Qxe6 31. dxe6 e4 32. Be2 Bd6 33. Rxg7+ Kxg7 34. Bc3 Kg6 35. Rd1 Bc5+ 36. Kf1 Kf5 37. Bc4 b5 38. axb5 axb5 39. Bd5 Ra7 40. Bxf6 Kxf6 41. Bxe4 Kxe6 42. Ke2 Bd6 43. Kf3 b4 44. b3 Be5 45. Rd8 Rc7 46. Bd3 Ke7 47. Rd5 Bd6 48. Bc4 Rc5 49. Rd2 Re5 50. Ra2 h5 51. Ra7+ Kf6 52. Ra6 Re3+ 53. Kf2 Ke7 54. Ra7+ Kf6 55. Rf7+ Kg6 56. Rd7 Be5 57. Rd5 h4 58. Rd8 Rc3 59. h3 Bc7 60. Rd7 Bb6+ 61. Ke2 Be3 62. Bd5 Kf6 63. Rb7 Ke5 64. Rb5 Bc5 65. Bc4 Kd4 66. Rb7 Rg3 67. Rd7+ Kc3 68. Kf1 Bd4 69. Rf7 f3 70. Rxf3+ Rxf3+ 71. gxf3 Kd2 72. f4 Ke3 73. f5 Kf4 74. Be6 Kg3 1/2-1/2

[Event "Hoogeveen op 26th"]
[Site "Hoogeveen"]
[Date "2023.10.28"]
[Round "9"]
[White "De Winter, Arthur"]
[Black "Zwirs, Nico"]
[Result "0-1"]
[WhiteElo "2397"]
[BlackElo "2451"]
[PlyCount "72"]
[EventDate "2023.10.21"]
[EventType "swiss"]
[EventRounds "9"]
[EventCountry "NED"]
[SourceTitle "Mega2024 Update 01"]
[Source "Chessbase"]
[SourceDate "2023.11.12"]
[SourceVersion "1"]
[SourceVersionDate "2023.11.12"]
[SourceQuality "1"]

1. e4 c5 2. Nf3 d6 3. d4 cxd4 4. Nxd4 Nf6 5. Nc3 a6 6. h4 e5 7. Nb3 Be7 8. Be2 Be6 9. f4 exf4 10. Bxf4 Nc6 11. Qd2 Ne5 12. 0-0-0 0-0 13. Nd4 Rc8 14. Kb1 Re8 15. h5 h6 16. Rhg1 Nh7 17. Nf5 Bxf5 18. exf5 Bg5 19. Ne4 Bxf4 20. Qxf4 d5 21. g4 Nc4 22. Ng3 Qb6 23. Bxc4 Rxc4 24. Qf3 Qe3 25. Qxd5 Rxg4 26. Qd6 Nf6 27. a3 Ne4 28. Qd7 Nxg3 29. Rde1 Qxe1+ 30. Rxe1 Rxe1+ 31. Ka2 Nxh5 32. Qxb7 Nf6 33. Qxa6 h5 34. Qd6 Re2 35. b4 Rxc2+ 36. Kb3 Rc3+ 0-1

[Event "Maia op 7th"]
[Site "Maia"]
[Date "2023.09.02"]
[Round "9"]
[White "Garrido Outon, Alex"]
[Black "Zwirs, Nico"]
[Result "1-0"]
[WhiteElo "2398"]
[BlackElo "2442"]
[PlyCount "125"]
[EventDate "2023.08.25"]
[EventType "swiss"]
[EventRounds "9"]
[EventCountry "POR"]
[SourceTitle "EXT 2024"]
[Source "ChessBase"]
[SourceDate "2023.10.10"]
[SourceVersion "1"]
[SourceVersionDate "2023.10.10"]
[SourceQuality "1"]

1. e4 e5 2. Nf3 Nc6 3. Bb5 a6 4. Ba4 Nf6 5. 0-0 Be7 6. Re1 b5 7. Bb3 d6 8. c3 0-0 9. h3 Nb8 10. d4 Nbd7 11. c4 c6 12. Qc2 Bb7 13. a3 exd4 14. Nxd4 Nc5 15. Ba2 bxc4 16. Nf5 Re8 17. Qxc4 d5 18. exd5 cxd5 19. Qc2 Bf8 20. Rxe8 Qxe8 21. Be3 Rc8 22. Nc3 Nce4 23. Bd4 Qd7 24. Nh4 Bxa3 25. bxa3 Nxc3 26. Qb2 Nxa2 27. Bxf6 gxf6 28. Qxf6 Qe6 29. Qg5+ Kh8 30. Rxa2 Re8 31. Rb2 Ba8 32. Rb3 f6 33. Qh6 Rg8 34. Re3 Qf7 35. Rf3 Qg7 36. Rxf6 Qxh6 37. Rxh6 Rd8 38. Nf5 d4 39. Rd6 Rxd6 40. Nxd6 d3 41. Nc4 Kg7 42. f3 Bd5 43. Nd2 Kf6 44. Kf2 Bc6 45. Ke3 Ke5 46. Kxd3 Kf4 47. Ke2 Kg3 48. Kf1 h5 49. Ne4+ Kf4 50. Kf2 h4 51. Nc3 a5 52. Ne2+ Ke5 53. g4 hxg3+ 54. Kxg3 Be8 55. h4 Kf5 56. Kf2 Ke5 57. Ke3 Kd5 58. Nf4+ Kc4 59. h5 Bd7 60. Ke4 Ba4 61. h6 Bc2+ 62. Ke5 Kb3 63. Kf6 1-0

[Event "Maia op 7th"]
[Site "Maia"]
[Date "2023.08.28"]
[Round "4"]
[White "Zwirs, Nico"]
[Black "Moroni, Luca Jr"]
[Result "1/2-1/2"]
[WhiteElo "2442"]
[BlackElo "2573"]
[PlyCount "267"]
[EventDate "2023.08.25"]
[EventType "swiss"]
[EventRounds "9"]
[EventCountry "POR"]
[SourceTitle "EXT 2024"]
[Source "ChessBase"]
[SourceDate "2023.10.10"]
[SourceVersion "1"]
[SourceVersionDate "2023.10.10"]
[SourceQuality "1"]

1. e4 c5 2. Nf3 e6 3. d4 cxd4 4. Nxd4 a6 5. Bd3 Bc5 6. Nb3 Ba7 7. Qe2 Nc6 8. Be3 Nge7 9. Nc3 d6 10. f4 0-0 11. 0-0 b5 12. Rad1 Qc7 13. Kh1 b4 14. Nb1 a5 15. a4 bxa3 16. Nxa3 Bxe3 17. Qxe3 a4 18. Nb5 Qb8 19. N3d4 Ba6 20. Nxc6 Nxc6 21. Nxd6 Qxb2 22. Bxa6 Rxa6 23. f5 exf5 24. exf5 Qe5 25. Qa3 Nd4 26. Nc4 Qe2 27. Qc5 Nxc2 28. Rc1 a3 29. Nxa3 Ne3 30. Rg1 Qd3 31. Rc3 Qxf5 32. Qxe3 h6 33. Nc4 Re6 34. Qf3 Qxf3 35. Rxf3 Rc8 36. Nd2 Rc2 37. Rf2 h5 38. Rgf1 Ra6 39. Kg1 Ra7 40. Ne4 Rxf2 41. Kxf2 g6 42. Rd1 Kg7 43. Rd3 Ra2+ 44. Kf3 Ra7 45. h3 Rc7 46. g3 Ra7 47. Nd6 Ra6 48. Nc4 Ra4 49. Ne5 Kf6 50. Nd7+ Kg7 51. Nc5 Rc4 52. Ne4 Rc7 53. Kf4 Ra7 54. Nc5 Rc7 55. Rd5 Rc8 56. g4 hxg4 57. hxg4 Rc7 58. g5 Rc8 59. Ne4 Ra8 60. Rd7 Ra4 61. Rb7 Ra6 62. Rb8 Ra1 63. Nd6 Rf1+ 64. Ke5 Re1+ 65. Kd5 Rd1+ 66. Ke5 Re1+ 67. Kd5 Rd1+ 68. Kc6 Rc1+ 69. Kd7 Rd1 70. Ke7 Re1+ 71. Kd7 Rd1 72. Rb7 Rd5 73. Kc6 Rxg5 74. Nxf7 Rg1 75. Nd6+ Kf6 76. Nc4 g5 77. Kd5 Rd1+ 78. Ke4 g4 79. Rb6+ Ke7 80. Ne3 Re1 81. Rg6 g3 82. Rxg3 Kf6 83. Kf4 Ra1 84. Nd5+ Ke6 85. Nc3 Rf1+ 86. Ke4 Re1+ 87. Kd4 Kf5 88. Rf3+ Ke6 89. Rf2 Rh1 90. Rf8 Ke7 91. Rf5 Ke6 92. Re5+ Kd7 93. Kd5 Ra1 94. Nb5 Rd1+ 95. Nd4 Ra1 96. Re4 Ra5+ 97. Kc4 Ra4+ 98. Kb5 Ra1 99. Nf5 Rb1+ 100. Kc5 Rc1+ 101. Kd5 Rd1+ 102. Nd4 Ra1 103. Rh4 Ra5+ 104. Ke4 Ra1 105. Rh7+ Kd6 106. Rh6+ Kd7 107. Nb3 Re1+ 108. Kd5 Rd1+ 109. Nd4 Ke7 110. Ra6 Kf7 111. Ke5 Re1+ 112. Kf4 Rf1+ 113. Nf3 Ke7 114. Ke4 Rh1 115. Kd5 Rd1+ 116. Ke5 Kd7 117. Rh6 Rf1 118. Rh7+ Ke8 119. Nd4 Re1+ 120. Kd6 Rd1 121. Ke6 Re1+ 122. Kf6 Rf1+ 123. Nf5 Kd8 124. Rg7 Rf2 125. Ke6 Re2+ 126. Kd5 Rd2+ 127. Nd4 Rd1 128. Rh7 Ke8 129. Ra7 Kd8 130. Ke5 Kc8 131. Rh7 Kd8 132. Nc6+ Kc8 133. Ke6 Rd6+ 134. Kxd6 1/2-1/2

[Event "Maia op 7th"]
[Site "Maia"]
[Date "2023.08.27"]
[Round "3"]
[White "Zhukova, Natalia"]
[Black "Zwirs, Nico"]
[Result "0-1"]
[WhiteElo "2310"]
[BlackElo "2442"]
[PlyCount "64"]
[EventDate "2023.08.25"]
[EventType "swiss"]
[EventRounds "9"]
[EventCountry "POR"]
[SourceTitle "EXT 2024"]
[Source "ChessBase"]
[SourceDate "2023.10.10"]
[SourceVersion "1"]
[SourceVersionDate "2023.10.10"]
[SourceQuality "1"]

1. c4 e6 2. g3 d5 3. Bg2 Nf6 4. Nf3 c6 5. d4 dxc4 6. 0-0 b5 7. Ne5 Bb7 8. b3 cxb3 9. axb3 Be7 10. Bb2 0-0 11. Nd2 Qb6 12. Qc2 Nfd7 13. Nd3 a5 14. Ne4 Na6 15. Rfc1 Rfd8 16. h4 h6 17. e3 Bf8 18. Qe2 Rac8 19. Ndc5 Naxc5 20. dxc5 Nxc5 21. Rxc5 Bxc5 22. Qg4 Bf8 23. Nf6+ Kh8 24. Nh5 f6 25. Bxf6 Qc7 26. Bb2 Qf7 27. Be4 Rd2 28. Nf4 Rxb2 29. Rxa5 c5 30. Nd3 Rb1+ 31. Kg2 Bxe4+ 32. Qxe4 Qf5 0-1

[Event "Vlissingen op 25th"]
[Site "Vlissingen"]
[Date "2023.08.12"]
[Round "9"]
[White "Dardha, Daniel"]
[Black "Zwirs, Nico"]
[Result "1/2-1/2"]
[WhiteElo "2598"]
[BlackElo "2442"]
[PlyCount "100"]
[EventDate "2023.08.05"]
[EventType "swiss"]
[EventRounds "9"]
[EventCountry "NED"]
[SourceTitle "CBM 215 Extra"]
[Source "ChessBase"]
[SourceDate "2023.09.30"]
[SourceVersion "1"]
[SourceVersionDate "2023.09.30"]
[SourceQuality "1"]

1. Nf3 d5 2. g3 Nf6 3. Bg2 c6 4. 0-0 Nbd7 5. d4 Nb6 6. a4 a5 7. b3 Bf5 8. Ba3 g6 9. Nh4 Be6 10. Qd3 Bg7 11. e3 0-0 12. Nd2 Nc8 13. f3 Nd6 14. e4 dxe4 15. fxe4 Ndxe4 16. Nxe4 Nxe4 17. Bxe4 Qxd4+ 18. Kg2 Qxd3 19. Bxd3 Bxa1 20. Rxa1 Rfe8 21. Bc5 Rad8 22. Bb6 Rd6 23. Rd1 Rc8 24. Bxa5 c5 25. Nf3 c4 26. bxc4 Bxc4 27. Bb4 Bxd3 28. cxd3 Rc2+ 29. Kh3 Rd7 30. d4 f6 31. Re1 Kf7 32. g4 Rb2 33. Bd2 Rd5 34. Kg3 h5 35. h3 hxg4 36. hxg4 g5 37. Rc1 Rd7 38. Rh1 Kg7 39. Rc1 Kf7 40. a5 b6 41. Bc3 Ra2 42. axb6 Rb7 43. Rb1 Ra6 44. Rh1 Raxb6 45. Kf2 Rc6 46. Bd2 Rb3 47. Rh7+ Ke8 48. Rh8+ Kd7 49. Bxg5 Rc2+ 50. Bd2 Rxf3+ 1/2-1/2

[Event "Vlissingen op 25th"]
[Site "Vlissingen"]
[Date "2023.08.07"]
[Round "4"]
[White "Zwirs, Nico"]
[Black "Wagenvoorde, Guido"]
[Result "1/2-1/2"]
[WhiteElo "2442"]
[BlackElo "2104"]
[PlyCount "126"]
[EventDate "2023.08.05"]
[EventType "swiss"]
[EventRounds "9"]
[EventCountry "NED"]
[SourceTitle "CBM 215 Extra"]
[Source "ChessBase"]
[SourceDate "2023.09.30"]
[SourceVersion "1"]
[SourceVersionDate "2023.09.30"]
[SourceQuality "1"]

1. e4 c5 2. Nf3 e6 3. d4 cxd4 4. Nxd4 Nc6 5. a3 Qc7 6. Be3 a6 7. c4 Nf6 8. Nc3 Be7 9. Be2 0-0 10. 0-0 d6 11. Rc1 Ne5 12. f4 Ng6 13. b4 Re8 14. Nb3 b6 15. Bd3 Bb7 16. h3 Bf8 17. Qd2 Nd7 18. Qf2 Rab8 19. Rfe1 Ba8 20. Nd2 Qd8 21. Bf1 Be7 22. g3 Bf6 23. Qe2 Rc8 24. Bf2 Qc7 25. Qd3 h5 26. h4 Ne7 27. Red1 Red8 28. Qe3 g6 29. Rc2 d5 30. e5 d4 31. Qxd4 Nxe5 32. Qxb6 Rxd2 33. fxe5 Qxb6 34. Bxb6 Rxc2 35. exf6 Nf5 36. Rd3 Kh7 37. Bc5 g5 38. hxg5 Kg6 39. Ne2 Kxg5 40. Nd4 Nxd4 41. Rxd4 Rc3 42. Bd6 Kxf6 43. Rf4+ Kg6 44. Be5 Rxg3+ 45. Kf2 Rg5 46. Rf6+ Kh7 47. Bf4 Rf5 48. Rxf5 exf5 49. c5 Bb7 50. Bd6 Kg6 51. a4 Ra8 52. b5 axb5 53. axb5 Ra2+ 54. Ke3 Be4 55. c6 Rc2 56. c7 Bb7 57. Bd3 Rc1 58. Kf4 Bc8 59. b6 Kf6 60. Ba3 Rc6 61. Bb2+ Ke7 62. Ba3+ Kf6 63. Bb2+ Ke7 1/2-1/2

[Event "Vlissingen op 25th"]
[Site "Vlissingen"]
[Date "2023.08.06"]
[Round "2"]
[White "Zwirs, Nico"]
[Black "Kindt, Manfred"]
[Result "1-0"]
[WhiteElo "2442"]
[BlackElo "2045"]
[PlyCount "55"]
[EventDate "2023.08.05"]
[EventType "swiss"]
[EventRounds "9"]
[EventCountry "NED"]
[SourceTitle "CBM 215 Extra"]
[Source "ChessBase"]
[SourceDate "2023.09.30"]
[SourceVersion "1"]
[SourceVersionDate "2023.09.30"]
[SourceQuality "1"]

1. e4 e5 2. Nf3 Nc6 3. Bc4 Nf6 4. d3 Bc5 5. c3 d6 6. Bb3 a6 7. h3 Ba7 8. Nbd2 h6 9. Nf1 0-0 10. g4 d5 11. Qe2 Be6 12. g5 dxe4 13. dxe4 hxg5 14. Bxg5 Bxb3 15. axb3 Qd6 16. Rg1 Ne7 17. Ng3 Ng6 18. Nh4 Nh7 19. Nhf5 Qe6 20. Nh5 Nxg5 21. Rxg5 Bc5 22. Nhxg7 Qf6 23. Rg3 Rfd8 24. Qc4 Bf8 25. Nh5 Qc6 26. Qxc6 bxc6 27. Nf6+ Kh8 28. Rg5 1-0

[Event "Amsterdam Science Park op-A"]
[Site "Amsterdam"]
[Date "2023.07.21"]
[Round "7"]
[White "Blees, Albert"]
[Black "Zwirs, Nico"]
[Result "1/2-1/2"]
[WhiteElo "2319"]
[BlackElo "2443"]
[PlyCount "54"]
[EventDate "2023.07.15"]
[EventType "swiss"]
[EventRounds "9"]
[EventCountry "NED"]
[SourceTitle "CBM 215 Extra"]
[Source "ChessBase"]
[SourceDate "2023.09.30"]
[SourceVersion "1"]
[SourceVersionDate "2023.09.30"]
[SourceQuality "1"]

1. d4 d5 2. c4 e6 3. Nc3 Nf6 4. cxd5 exd5 5. Bg5 c6 6. e3 Be6 7. Bd3 Nbd7 8. Nge2 h6 9. Bh4 g5 10. Bg3 Nh5 11. Qc2 Nxg3 12. Nxg3 h5 13. Bf5 Qf6 14. e4 h4 15. Bxe6 fxe6 16. Nge2 h3 17. Rg1 0-0-0 18. exd5 exd5 19. Nxd5 Qd6 20. Ne3 hxg2 21. 0-0-0 Rxh2 22. d5 Qc5 23. dxc6 Qxc6 24. Qxc6+ bxc6 25. Ng4 Rh4 26. Rxg2 Bc5 27. Nc3 Rf8 1/2-1/2

[Event "Hilversum op"]
[Site "Hilversum"]
[Date "2023.06.25"]
[Round "5"]
[White "Zwirs, Nico"]
[Black "Thorfinnsson, Bjorn"]
[Result "1-0"]
[WhiteElo "2444"]
[BlackElo "2369"]
[PlyCount "55"]
[EventDate "2023.06.23"]
[EventType "swiss"]
[EventRounds "6"]
[EventCountry "NED"]
[SourceTitle "CBM 214 Extra"]
[Source "ChessBase"]
[SourceDate "2023.07.31"]
[SourceVersion "1"]
[SourceVersionDate "2023.07.31"]
[SourceQuality "1"]

1. e4 e5 2. Nf3 Nc6 3. Bc4 Bc5 4. c3 Nf6 5. d3 d6 6. 0-0 a5 7. Re1 Ba7 8. Nbd2 0-0 9. Nf1 Ne7 10. Bb3 Ng6 11. Ng3 c6 12. h3 Be6 13. d4 Re8 14. Bc2 h6 15. Be3 Qc7 16. Qd2 Rad8 17. Nf5 Bxf5 18. exf5 exd4 19. Bxh6 dxc3 20. bxc3 gxh6 21. Qxh6 Qb6 22. fxg6 Qxf2+ 23. Kh1 Qxc2 24. gxf7+ Kxf7 25. Ng5+ Kg8 26. Qxf6 Rf8 27. Qe6+ Kg7 28. Qe7+ 1-0

[Event "Hilversum op"]
[Site "Hilversum"]
[Date "2023.06.24"]
[Round "3"]
[White "Labruyere, Roger"]
[Black "Zwirs, Nico"]
[Result "0-1"]
[WhiteElo "2155"]
[BlackElo "2444"]
[PlyCount "134"]
[EventDate "2023.06.23"]
[EventType "swiss"]
[EventRounds "6"]
[EventCountry "NED"]
[SourceTitle "CBM 214 Extra"]
[Source "ChessBase"]
[SourceDate "2023.07.31"]
[SourceVersion "1"]
[SourceVersionDate "2023.07.31"]
[SourceQuality "1"]

1. e4 c5 2. Nf3 d6 3. Bb5+ Bd7 4. Bxd7+ Qxd7 5. c4 Nf6 6. Nc3 g6 7. d4 cxd4 8. Nxd4 Bg7 9. f3 Qc7 10. Qa4+ Nbd7 11. Ncb5 Qb8 12. Be3 a6 13. Nc3 0-0 14. 0-0 Rc8 15. Nd5 Nxd5 16. cxd5 Nb6 17. Qb4 Nc4 18. Bf2 Bh6 19. Nc6 bxc6 20. Qxc4 Qb5 21. Qxb5 axb5 22. Rfd1 c5 23. a3 Ra4 24. Be1 Rca8 25. Rab1 Rc4 26. Bd2 Bg7 27. Rdc1 Rca4 28. Rc2 Kf8 29. Kf1 h5 30. Ke2 Ke8 31. Kd3 Kd7 32. Bc3 Bh6 33. Bd2 Bxd2 34. Kxd2 Rf8 35. b4 c4 36. Ra1 Rfa8 37. Rca2 e6 38. Ke3 exd5 39. exd5 Ke7 40. Kd4 Kf6 41. Ke4 g5 42. g4 Rh8 43. Rf1 Kg6 44. h3 Rha8 45. Rfa1 Re8+ 46. Kd4 f5 47. Rg1 hxg4 48. hxg4 f4 49. Rh1 Re3 50. Rah2 Rd3+ 51. Ke4 Re3+ 52. Kd4 Raxa3 53. Rh6+ Kf7 54. Rh7+ Ke8 55. Rh8+ Kd7 56. R1h7+ Re7 57. Rxe7+ Kxe7 58. Rh7+ Ke8 59. Rh8+ Kf7 60. Rh7+ Kf8 61. Rd7 Rxf3 62. Rxd6 Ke7 63. Re6+ Kf7 64. Rb6 Rd3+ 65. Ke5 f3 66. Rh6 Kg7 67. Rf6 Rxd5+ 0-1

[Event "Hilversum op"]
[Site "Hilversum"]
[Date "2023.06.23"]
[Round "2"]
[White "Zwirs, Nico"]
[Black "Roebers, Jan"]
[Result "1-0"]
[WhiteElo "2444"]
[BlackElo "2084"]
[PlyCount "105"]
[EventDate "2023.06.23"]
[EventType "swiss"]
[EventRounds "6"]
[EventCountry "NED"]
[SourceTitle "CBM 214 Extra"]
[Source "ChessBase"]
[SourceDate "2023.07.31"]
[SourceVersion "1"]
[SourceVersionDate "2023.07.31"]
[SourceQuality "1"]

1. d4 Nf6 2. c4 g6 3. Nc3 Bg7 4. e4 d6 5. h3 e5 6. d5 h5 7. Bd3 a5 8. Be3 Bh6 9. Bxh6 Rxh6 10. Qd2 Rh8 11. f4 exf4 12. Nf3 Nbd7 13. Qxf4 h4 14. 0-0-0 Nh5 15. Qe3 Ne5 16. c5 Kf8 17. cxd6 cxd6 18. Nxe5 dxe5 19. Qc5+ Kg7 20. Bb5 Bd7 21. d6 Qg5+ 22. Kb1 b6 23. Qf2 Rhd8 24. Bxd7 Rxd7 25. Qxb6 Rad8 26. Qc5 Nf4 27. Nb5 f6 28. Rhg1 Kh6 29. Qc4 Qg3 30. a4 Qf2 31. Qc2 Qe3 32. Rgf1 Kg7 33. Rf3 Qb6 34. Rc3 Ne6 35. Qb3 Nf4 36. Rd2 Kh6 37. Ka2 Qg1 38. Qc2 Ne6 39. Rd5 Nf4 40. Rd2 Ne6 41. Rd1 Qb6 42. Rc6 Qe3 43. Qd2 Qxd2 44. Rxd2 f5 45. exf5 gxf5 46. Rd5 Kg6 47. Rxe5 Kf6 48. Re2 Nf4 49. Rd2 Rg8 50. Rcc2 Ke5 51. Rc5+ Ke6 52. Nc7+ Kf7 53. Rxf5+ 1-0

[Event "Titled Tuesday intern op 13th Jun Late"]
[Site "Chess.com INT"]
[Date "2023.06.13"]
[Round "5"]
[White "Vaglio Munoz, Jaime"]
[Black "Zwirs, Nico"]
[Result "1/2-1/2"]
[WhiteElo "2174"]
[BlackElo "2444"]
[PlyCount "127"]
[EventDate "2023.06.13"]
[EventType "swiss (blitz)"]
[EventRounds "11"]
[EventCountry "USA"]
[SourceTitle "EXT 2024"]
[Source "ChessBase"]
[SourceDate "2023.10.10"]
[SourceVersion "1"]
[SourceVersionDate "2023.10.10"]
[SourceQuality "1"]

1. d4 d5 2. Nf3 Nf6 3. e3 e6 4. Bd3 Bd6 5. b3 0-0 6. Bb2 Nbd7 7. 0-0 Qe7 8. Ne5 Ne4 9. f3 Bxe5 10. fxe4 dxe4 11. dxe5 exd3 12. cxd3 b6 13. Nd2 Bb7 14. Qg4 Rad8 15. Nc4 b5 16. Ba3 c5 17. Na5 Nxe5 18. Qg3 Nxd3 19. Rad1 Be4 20. Rd2 Rd5 21. Nc6 Qb7 22. Qh4 Qxc6 23. Qxe4 f5 24. Qf3 Rfd8 25. Rxd3 b4 26. Bb2 Qa6 27. Qg3 Qb7 28. Rxd5 Rxd5 29. e4 Rd2 30. Qe5 Re2 31. Qxe6+ Qf7 32. Qc8+ Qf8 33. Qxf8+ Kxf8 34. Rxf5+ Ke7 35. Bxg7 Rxa2 36. Bf8+ Ke6 37. Bxc5 a5 38. Bb6 a4 39. bxa4 b3 40. Rb5 b2 41. a5 Ra1+ 42. Kf2 b1Q 43. Rxb1 Rxb1 44. Kf3 Rb2 45. h4 Ra2 46. g4 Ke5 47. Bc7+ Ke6 48. Kf4 h6 49. g5 h5 50. g6 Rg2 51. a6 Ra2 52. Kg5 Rxa6 53. Kxh5 Kf6 54. Kh6 Ra7 55. Bd8+ Ke6 56. g7 Ra6 57. Bg5 Kd7+ 58. Kh7 Rf6 59. g8Q Re6 60. Qg7+ Re7 61. Qxe7+ Kc6 62. Qe6+ Kb5 63. Qd5+ Ka4 64. Be7 1/2-1/2

[Event "Titled Tuesday intern op 13th Jun Late"]
[Site "Chess.com INT"]
[Date "2023.06.13"]
[Round "2"]
[White "Zwirs, Nico"]
[Black "Gil Alba, Hector Luis"]
[Result "1-0"]
[WhiteElo "2444"]
[BlackElo "2294"]
[PlyCount "117"]
[EventDate "2023.06.13"]
[EventType "swiss (blitz)"]
[EventRounds "11"]
[EventCountry "USA"]
[SourceTitle "EXT 2024"]
[Source "ChessBase"]
[SourceDate "2023.10.10"]
[SourceVersion "1"]
[SourceVersionDate "2023.10.10"]
[SourceQuality "1"]

1. e4 c5 2. Nf3 Nc6 3. d4 cxd4 4. Nxd4 e5 5. Nb5 d6 6. c4 a6 7. N5c3 Be7 8. Be2 Bg5 9. 0-0 Bxc1 10. Qxc1 Nf6 11. Na3 Nd4 12. Qd2 Qb6 13. Rfd1 Be6 14. Rab1 0-0 15. Nc2 Nxe2+ 16. Qxe2 Qc6 17. b3 Rac8 18. Nb4 Qb6 19. Nbd5 Nxd5 20. Nxd5 Bxd5 21. Rxd5 f5 22. exf5 Rxf5 23. Rbd1 Rcf8 24. Rf1 Rf4 25. Qd2 R8f6 26. g3 Rf3 27. Kg2 h6 28. Qe2 R3f5 29. f3 Qc6 30. a4 Qb6 31. Rd3 e4 32. Qxe4 Re5 33. Qg4 Re2+ 34. Kh3 Kh7 35. f4 Rf2 36. Rxf2 Qxf2 37. Qf3 Qe1 38. Rd1 Qe6+ 39. Kg2 b6 40. Rd2 Qe1 41. Rd1 Qe7 42. Qd3+ Kh8 43. Rd2 Re6 44. Qf3 Re3 45. Qa8+ Kh7 46. Qd5 Rxb3 47. c5 Re3 48. cxd6 Re2+ 49. Rxe2 Qxe2+ 50. Kg1 Qe1+ 51. Kg2 Qe2+ 52. Kh3 Qf1+ 53. Kh4 Qe1 54. Qd3+ g6 55. d7 Qe7+ 56. Kh3 Qe6+ 57. Kg2 Qa2+ 58. Kh3 Qe6+ 59. f5 1-0